| 000 | 01178nam0a22002891 4500 | ||
|---|---|---|---|
| 001 | RU\NLR\INFOCOMM_195\5000064675 | ||
| 005 | 20260406104620.0 | ||
| 035 | _a(NLR Aleph) 009292956 | ||
| 090 |
_a9231492 _c9231492 |
||
| 100 | _a20101006d1982 |||y0rusy50 ca | ||
| 101 | 1 | _afre | |
| 102 | _aRU | ||
| 105 | _aa ||||000|y | ||
| 200 | 1 |
_aMusée de l'Ermitage _eGuide _f[Textes: Boris Asvarichtch et al. _gIntrod.: Boris Piotrovski _gTrad.: Vladimir Maximoff] |
|
| 210 |
_aL. _cAurore _dCop.1982 |
||
| 215 |
_a288, [8] с. _cил., цв. ил. _d20 см |
||
| 300 | _aВ вып. дан.: Эрмитаж: Альбом-путеводитель / Авт.-сост.: Б. И. Асварищ и др. | ||
| 601 | 0 | 2 |
_aГос. Эрмитаж _cЛенинград _jПутеводители _2nlr_sh1 |
| 686 |
_aЩ101.3(2Р)-2Ленинград2Эрмитаж _2rubbk |
||
| 702 | 1 |
_9z01790 _aAsvarišč _bB. I. _gBoris Iosifovič _4000 |
|
| 710 | 0 | 2 |
_4070 _aErmitage _cLéningrad _8fre _7ba _3RU\NLR\AUTH\883315 _9277861 |
| 790 | 1 |
_9z01702 _aAsvarichtch _bB. _gBoris _4000 |
|
| 801 | 1 |
_aRU _bNLR _c20101006 |
|
| 801 | 0 |
_aRU _bNLR _gPSBO |
|
| 852 |
_aNLR _jЭ АлИс134/2-Л452 |
||
| 942 | _cBOOK | ||
| 980 | _aNB | ||